|
|
|
|
| LEADER |
00000nam0a2200000 4500 |
| 001 |
279302 |
| 005 |
20231101235210.0 |
| 020 |
|
|
|a RU
|b 86-54237
|
| 035 |
|
|
|a (RuTPU)RU\TPU\book\302580
|
| 090 |
|
|
|a 279302
|
| 100 |
|
|
|a 20141218d1986 m y0rusy5003 ca
|
| 101 |
0 |
|
|a rus
|
| 102 |
|
|
|a RU
|
| 105 |
|
|
|a a j 001zy
|
| 200 |
1 |
|
|a Баллистика и навигация космических аппаратов
|e учебник для втузов
|f Н. М. Иванов [и др.]
|
| 210 |
|
|
|a Москва
|c Машиностроение
|d 1986
|
| 215 |
|
|
|a 296 с.
|c ил.
|
| 225 |
1 |
|
|a Для вузов
|
| 300 |
|
|
|a Авт. указаны на обороте тит. л.
|
| 320 |
|
|
|a Библиогр.: с. 290-293 (78 назв.)
|
| 320 |
|
|
|a Обозначения, сокращения и индексы: с. 5-7
|
| 606 |
1 |
|
|a Космические летательные аппараты
|x Навигация
|2 stltpush
|3 (RuTPU)RU\TPU\subj\15842
|9 42049
|
| 610 |
1 |
|
|a орбитальное движение
|
| 610 |
1 |
|
|a космические полеты
|
| 610 |
1 |
|
|a межпланетные перелеты
|
| 610 |
1 |
|
|a орбиты
|
| 610 |
1 |
|
|a определение
|
| 610 |
1 |
|
|a баллистика
|
| 610 |
1 |
|
|a навигационное обеспечение
|
| 610 |
1 |
|
|a маневры
|
| 610 |
1 |
|
|a снижение
|
| 610 |
1 |
|
|a посадка
|
| 610 |
1 |
|
|a управление
|
| 610 |
1 |
|
|a учебники
|
| 675 |
|
|
|a 629.782.05(075.8)
|z rus
|v 4
|
| 701 |
|
1 |
|a Иванов
|b Н. М.
|g Николай Михайлович
|
| 701 |
|
1 |
|a Дмитриевский
|b А. А.
|g Андрей Александрович
|
| 701 |
|
1 |
|a Лысенко
|b Л. Н.
|g Лев Николаевич
|
| 701 |
|
1 |
|a Кисляк
|b М. Д.
|
| 801 |
|
0 |
|a RU
|b RuMRKP
|c 19950704
|g psbo
|
| 801 |
|
1 |
|a RU
|b 63413507
|c 20141218
|
| 801 |
|
2 |
|a RU
|b 63413507
|c 20170418
|g RCR
|
| 942 |
|
|
|c BK
|